Kto je bitý, je bitý dvakrát

Porovnanie zákona o obaloch v Čechách a na Slovensku s európskym právom. Definície obalu. Zber, zhodnotenie a recyklačný fond. Ekodaň.

Salvato in:
Dettagli Bibliografici
Autore principale: Volek, Vlado
Natura: Capitolo di libro
Lingua:slovacco
Soggetti:
Tags: Aggiungi Tag
Nessun Tag, puoi essere il primo ad aggiungerne!!

MARC

LEADER 00000naa a2200000 4500
001 r048314
005 20231004094351.3
041 0 |a slo 
044 |a SK 
245 1 0 |a Kto je bitý, je bitý dvakrát  |c Vlado Volek 
520 |a Porovnanie zákona o obaloch v Čechách a na Slovensku s európskym právom. Definície obalu. Zber, zhodnotenie a recyklačný fond. Ekodaň. 
610 2 0 |a obaly 
610 2 0 |a úpravy právne 
610 2 0 |a recyklácia odpadu 
610 2 0 |a zber surovín 
610 2 0 |a Česko 
610 2 0 |a Slovensko 
610 2 0 |a Európa 
100 1 |a Volek, Vlado